To sleep in a sea of stars / Christopher Paolini.
Available copies
- 2 of 2 copies available at LARL/NWRL Consortium.
- 1 of 1 copy available at Lake Agassiz Regional Library. (Show preferred library)
Current holds
0 current holds with 2 total copies.
Show Only Available Copies
| Location | Call Number / Copy Notes | Barcode | Shelving Location | Status | Due Date |
|---|---|---|---|---|---|
| Moorhead Public Library | SF PAO (Text) | 33500013287347 | Main | Available | - |
| Roseau Public Library | PAO (Text) | 35500006305583 | Main | Available | - |
Record details
- ISBN: 9781250762849
- ISBN: 1250762847
- Physical Description: 878 pages : illustrations ; 25 cm.
- Edition: First U.S. edition.
- Publisher: New York : Tor, 2020.
- Copyright: ©2020
Content descriptions
| General Note: | "To Sleep is actually the first of what will be many books in what I'm calling the Fractalverse." -- ... Read More "A Tom Doherty Associates book." |
| Summary, etc.: | A space voyager living her dream of exploring new ... Read More During a routine survey mission on an uncolonized ... Read More |
Search for related items by subject
| Genre: | Science fiction. Science fiction. |
Search for related items by series
| LDR | 02388cam a2200457Ii 4500 | ||
|---|---|---|---|
| 001 | 347363 | ||
| 003 | LARL_NWRL_CONSORTIUM | ||
| 005 | 20200916141343.0 | ||
| 008 | 200831s2020 nyua 000 1 eng d | ||
| 010 | . | ‡abl2020021718 | |
| 040 | . | ‡aNjBwBT ‡beng ‡erda ‡cZHW ‡dZHW ‡dOCLCO ‡dJNE ‡dTCH ‡dCLE ‡dILC | |
| 020 | . | ‡a9781250762849 ‡q(hardback) | |
| 020 | . | ‡a1250762847 ‡q(hardback) | |
| 035 | . | ‡a(OCoLC)1191836893 | |
| 082 | 0 | 4. | ‡a813/.6 ‡223 |
| 100 | 1 | . | ‡aPaolini, Christopher, ‡eauthor. ‡0(LARL_NWRL_CONSORTIUM)154802 |
| 245 | 1 | 0. | ‡aTo sleep in a sea of stars / ‡cChristopher Paolini. |
| 250 | . | ‡aFirst U.S. edition. | |
| 264 | 1. | ‡aNew York : ‡bTor, ‡c2020. | |
| 264 | 4. | ‡c©2020 | |
| 300 | . | ‡a878 pages : ‡billustrations ; ‡c25 cm. | |
| 336 | . | ‡atext ‡2rdacontent | |
| 337 | . | ‡aunmediated ‡2rdamedia | |
| 338 | . | ‡avolume ‡2rdacarrier | |
| 490 | 0 | . | ‡aFractalverse ; ‡v1 |
| 500 | . | ‡a"To Sleep is actually the first of what will be many books in what I'm calling the Fractalverse." -- source: https://www.paolini.net | |
| 500 | . | ‡a"A Tom Doherty Associates book." | |
| 520 | . | ‡aA space voyager living her dream of exploring new worlds lands on a distant planet ripe for colonization before her discovery of a mysterious relic transforms her life and threatens the entire human race. | |
| 520 | . | ‡aDuring a routine survey mission on an uncolonized planet, Kira Navárez finds an alien relic. At first delighted, her elation turns to terror when the ancient dust around her begins to move. As war erupts among the stars, Kira is launched into a galaxy-spanning odyssey of discovery and transformation. First contact is not at all what she imagined, and events push her to the very limits of what it means to be human. Now Earth and its colonies stand upon the brink of annihilation-- and Kira might be humanity's greatest and final hope.-- adapted from jacket | |
| 650 | 0. | ‡aHuman-alien encounters ‡vFiction. ‡0(LARL_NWRL_CONSORTIUM)165608 | |
| 650 | 0. | ‡aSpace colonies ‡vFiction. ‡0(LARL_NWRL_CONSORTIUM)167437 | |
| 650 | 7. | ‡aFICTION / Science Fiction / Space Opera. ‡2bisacsh | |
| 650 | 7. | ‡aFICTION / Science Fiction / Alien Contact. ‡2bisacsh | |
| 650 | 7. | ‡aFICTION / Science Fiction / Action & Adventure. ‡2bisacsh | |
| 655 | 7. | ‡aScience fiction. ‡2gsafd | |
| 655 | 7. | ‡aScience fiction. ‡2lcgft | |
| 901 | . | ‡a347363 ‡bOCoLC ‡c347363 ‡tbiblio ‡soclc | |

Add to basket
Permalink
Disable Highlighting